MDQL
is popping MORE tags! Check the
thread
!
Quizzes
Events
Quiz Creation
Community
Videos
Private Events
Remove Ads
Sign In
Join for FREE
Feedback
Dark Mode
Quiz Categories
Sports
Geography
Music
Movies
Television
Just For Fun
Miscellaneous
History
Literature
Language
Science
Gaming
Entertainment
Religion
Holiday
For Kids
Quiz Lab
Recent
Popular Today
Quiz Kudos Today
Editor Picks
Curator Picks
Quizzes by...
Day
Popularity
Type
Ratings
Length
Year
Community
Subscriptions
Recent Discussions
Orange Saloon
Badges
Playlists
Quests
Create
Leaderboards
Showdown
Live 5
Trivia Bingo
Activity
Puzzle Library
Sporcle Events
Private Events
Virtual Trivia
Globe League
Become a Host
Pub Owners
SporcleCon
Opinionation
Our Games
Videos
Blog
Mobile Apps
Partnerships
Remove Ads and Go Orange
Feedback
Movies
Disney
Marvel Cinematic Universe
Movie Resume
Movie Titles
Oscar
Actor
Actress
Director
Pixar
Role
Movie Quotes
Movie Characters
Box Office
Nominee
Best Picture
Star Wars
James Bond
Horror Movies
Movies
Disney
Marvel Cinematic Universe
Movie Resume
Movie Titles
Oscar
Actor
Actress
Director
Pixar
Role
Movie Quotes
Movie Characters
Box Office
Nominee
Best Picture
Star Wars
James Bond
Horror Movies
Random Quiz
Search Sporcle
×
Quiz Lab
Quiz Lab
Movies
Year
Select answers by clicking on text or image buttons
Select answers by clicking on text or image buttons
Clickable
Best Score? Go Orange.
Best Picture Years Stats
Can you pick the years each Best Picture won?
By
WildeWolf
10m
94 Questions
251 Plays
251 Plays
251 Plays
Comments
Comments
Give Quiz Kudos
Give Quiz Kudos
-
- Ratings
hide this ad
Forced Order
Answers have to be entered in order
Answers have to be entered in order
Replay
Link that replays current quiz
Next Quiz
Link to next quiz in quiz playlist
You Got
0%
They Got
Avg Score
78%
Avg Friend Score
Upgrade to see
Score Distribution
Jump to the score distribution portion of the page
Score
0/94
Timer
10:00
0
Plays Today
% Correct
2021
93.3%
2013
90.4%
2020
89.1%
1939
88.8%
1990
88.8%
2000
88.8%
1988
88.4%
1994
88.4%
1980
88%
1991
88%
1997
88%
1970
87.6%
1976
87.6%
1992
87.6%
2015
87.3%
1972
87.3%
2010
87.3%
2018
87%
2019
87%
1927-1928
86.9%
1974
86.9%
1979
86.9%
1989
86.9%
1995
86.9%
1996
86.9%
1999
86.9%
2006
86.9%
2011
86.9%
2016
86.7%
1973
86.5%
1977
86.5%
1984
86.5%
% Correct
1993
86.5%
2001
86.5%
2002
86.5%
2003
86.5%
2004
86.5%
1960
86.1%
1975
86.1%
1978
85.7%
1986
85.3%
1987
85.3%
1971
84.9%
2005
84.9%
1928-1929
84.5%
1968
84.5%
1998
84.5%
2009
84.5%
1955
84.1%
1959
84.1%
1981
84.1%
1982
84.1%
1985
84.1%
2007
84.1%
2012
83.8%
1983
83.7%
1940
83.3%
1969
83.3%
2008
83.3%
1967
82.9%
2017
82.6%
2014
82.5%
1941
82.5%
1961
82.5%
% Correct
1954
82.1%
1950
81.7%
1957
81.7%
1962
81.7%
1964
81.7%
1963
81.3%
1965
80.9%
1948
80.1%
1951
80.1%
1958
79.3%
1966
79.3%
1935
78.9%
1949
78.9%
1929-1930
78.5%
1942
78.5%
1946
78.1%
1943
77.7%
1945
77.3%
1934
76.9%
1953
76.5%
1938
76.1%
1947
76.1%
1952
76.1%
1930-1931
75.7%
1944
73.3%
1937
72.1%
1956
71.7%
1936
70.5%
1931-1932
70.1%
1932-1933
68.5%
Quiz Playlist
Details
Report
Send in Message
Add To Playlist
Clickable:
Select answers by clicking on text or image buttons
Forced Order:
Answers have to be entered in order
Last Updated: Jul 12, 2017
Quiz Scoreboard
CHALLENGE
Sign Up to Join the Scoreboard
Show All
Scores
Hide
Comments
May contain spoilers
Recently Published
Holiday 10x10 Sorting Gallery
by lukepisani3
Holiday
15m
Two Season TV Shows II
by 123Four
Television
10m
Image Sorting: Flags VI
by Barbecue
Geography
2m
More to Explore
Quiz From the Vault
Featured Blog Post
14 Easter Pick-up Lines to Find Eggs With
hide this ad
You Might Also Like...
Tags
Best Picture Quiz
Year Quiz
Today's Top Quizzes in Movies
Browse Movies
hide this ad
Today's Top Quizzes in Year
Browse Year
Top Contributed Quizzes in Movies
1
The ultimate James Bond movie quiz
2
Find The 'Big' Movie
3
Find The 'Wild' Movie
4
Find The 'Blue' Movie
5
Movies By Plot
6
Hidden Star Wars Character II
7
25 Best Actor Nominees (1990s)
8
Hidden Star Wars Character III
9
😉 2024 Oscar Nominees by Emoji
10
Hidden Star Wars Character IV
Explore More
Trending Topics
Marvel
Harry Potter
NBA
Anime
Crossword
Kpop
Disney
Pokémon
Country
The Office
Puzzle
Song
WWE
Soccer
NFL
hide this ad
More By:
WildeWolf
Quiz
Plays
Rating
Category
Featured
Created
Organ Words
112,930
4.69
Science
Jan 13, 2013
Downton Abbey Dowager Countess Quotes
18,805
4.61
Television
Jan 28, 2013
10 to 1: Hogwarts
11,687
4.90
Literature
Mar 23, 2017
Follow That Line: It's a Wonderful Life
7,499
4.78
Movies
Feb 22, 2013
The Lion King Scenes
4,958
3.15
Movies
Oct 30, 2013
Go to Creator's Profile
Score Distribution
Quiz Creator Spotlight
WildeWolf
Follow
Send a Message
Quizzes Created
-
Created Quiz Play Count
-
More By This Creator
Popular Quizzes Today
1
Find the US States - No Outlines Minefield
2
Colored Red Africa Blitz
3
Find the 'City' Movie
4
The Countries of the World
5
5x2 Blitz: Bands
6
Find the US States
7
Find the Countries of Europe - No Outlines Minefield
8
US States
More Movies Quizzes
In Which Star Wars Movie: Leia Organa
Quiz Lab
Trending Quizzes
Colored Red Europe Blitz I
Colored Red Europe Blitz II
Colored Red Africa Blitz II
Colored Red Europe Blitz III
Colored Red Africa Blitz III
Recently Updated
Odd Team Out - Big 4 Players
pecheneg
Quick Pick: 20 Twenties
pecheneg
March Madness Men's Triple Doubles
pecheneg
How Do You Spell That?
pecheneg
Godzilla Movies
pecheneg
Grab Bag: 4-10 Letters
pecheneg
2024 March Madness Bracket
pecheneg
Famous TV Couples
Peacemaker
Champions League XIs: Real Madrid
pecheneg
Largest US Cities 1790-2010
pecheneg
Trending Topics
Anime
NBA
Kpop
Harry Potter
Marvel
Crossword
Disney
Song
Pokémon
Soccer
NFL
Puzzle
WWE
The Office
Country
Your Account Isn't Verified!
In order to create a playlist on Sporcle, you need to verify the email address you used during registration. Go to your
Sporcle Settings
to finish the process.
Report this User
Report this user for behavior that violates our
Community Guidelines
.
Details:
Send Report
Go to the Sporcle.com Mobile Site →
Comments